<?xml version="1.0" encoding="UTF-8"?>
<record
    xmlns:xsi="http://www.w3.org/2001/XMLSchema-instance"
    xsi:schemaLocation="http://www.loc.gov/MARC21/slim http://www.loc.gov/standards/marcxml/schema/MARC21slim.xsd"
    xmlns="http://www.loc.gov/MARC21/slim">

  <leader>00949nam a2200241 a 4500</leader>
  <controlfield tag="005">20240412121703.0</controlfield>
  <controlfield tag="008">100302t1965||||sp al. f |    001 0 spa d</controlfield>
  <datafield tag="041" ind1=" " ind2=" ">
    <subfield code="a">spa</subfield>
  </datafield>
  <datafield tag="092" ind1=" " ind2=" ">
    <subfield code="c">611</subfield>
    <subfield code="l">80</subfield>
    <subfield code="s">SPA</subfield>
  </datafield>
  <datafield tag="100" ind1="1" ind2=" ">
    <subfield code="a">Spalteholz, Werner</subfield>
    <subfield code="9">3083</subfield>
  </datafield>
  <datafield tag="245" ind1=" " ind2=" ">
    <subfield code="a">Atlas de Anatom&#xED;a Humana.</subfield>
    <subfield code="b">T.1 Huesos, Articulaciones y Ligamentos /</subfield>
    <subfield code="c">Werner Spalteholz</subfield>
  </datafield>
  <datafield tag="250" ind1=" " ind2=" ">
    <subfield code="a">2a ed. 2a reimp. versi&#xF3;n en espa&#xF1;ol de la 14a ed. alemana</subfield>
    <subfield code="b">Traducci&#xF3;n E. Pons Tortella ; Revisada y ampliada Santiago Vilahur Pedrals</subfield>
  </datafield>
  <datafield tag="260" ind1=" " ind2=" ">
    <subfield code="a">Barcelona: </subfield>
    <subfield code="b">Labor;</subfield>
    <subfield code="c">1965.</subfield>
  </datafield>
  <datafield tag="300" ind1=" " ind2=" ">
    <subfield code="a">1-316 p.</subfield>
    <subfield code="b">il. 1100 figuras en negro y en color</subfield>
  </datafield>
  <datafield tag="500" ind1=" " ind2=" ">
    <subfield code="a">Spalteholz, W. (1965). Atlas de anatom&#xED;a humana. T.1 Huesos, Articulaciones y Ligamentos. (2a ed.). Barcelona : Labor.</subfield>
  </datafield>
  <datafield tag="653" ind1=" " ind2=" ">
    <subfield code="a">Esqueleto</subfield>
  </datafield>
  <datafield tag="653" ind1=" " ind2=" ">
    <subfield code="a">Estructura de los huesos</subfield>
  </datafield>
  <datafield tag="653" ind1=" " ind2=" ">
    <subfield code="a">Huesos</subfield>
  </datafield>
  <datafield tag="653" ind1=" " ind2=" ">
    <subfield code="a">Articulaci&#xF3;n temporomaxilar</subfield>
  </datafield>
  <datafield tag="653" ind1=" " ind2=" ">
    <subfield code="a">Ligamentos</subfield>
  </datafield>
  <datafield tag="653" ind1=" " ind2=" ">
    <subfield code="a">Roentgenograf&#xED;as</subfield>
  </datafield>
  <datafield tag="942" ind1=" " ind2=" ">
    <subfield code="2">ddc</subfield>
    <subfield code="c">BK</subfield>
    <subfield code="0">10</subfield>
  </datafield>
  <datafield tag="999" ind1=" " ind2=" ">
    <subfield code="c">2271</subfield>
    <subfield code="d">2271</subfield>
  </datafield>
  <datafield tag="952" ind1=" " ind2=" ">
    <subfield code="0">0</subfield>
    <subfield code="1">0</subfield>
    <subfield code="2">ddc</subfield>
    <subfield code="4">0</subfield>
    <subfield code="7">0</subfield>
    <subfield code="a">BFM</subfield>
    <subfield code="b">BFM</subfield>
    <subfield code="c">CR</subfield>
    <subfield code="d">2016-11-30</subfield>
    <subfield code="e">Donaci&#xF3;n Coco Sarti, Noviembre 2016</subfield>
    <subfield code="l">0</subfield>
    <subfield code="o">611 80 SPA</subfield>
    <subfield code="p">3727</subfield>
    <subfield code="r">2016-11-30</subfield>
    <subfield code="t">Ej.1</subfield>
    <subfield code="w">2016-11-30</subfield>
    <subfield code="y">BK</subfield>
    <subfield code="z">Donaci&#xF3;n Coco Sarti, Noviembre 2016  Hemeroteca 2022</subfield>
    <subfield code="f"></subfield>
  </datafield>
</record>
